Statistics for Eurovision Quiz

Click here to take the quiz!

General Stats

  • This quiz has been taken 142 times
  • The average score is 19 of 25

Answer Stats

QuestionAnswer% Correct
Country with the most victoriesIreland
95%
First winnerSwitzerland
95%
Number of times that Sweden won6
93%
Number of times that Romania won0
90%
First editon1956
90%
Highest result for Lithuania6th
90%
Artist that won for Israel in 2018Netta
86%
Last year Austria won2014
85%
Only year Morocco participated1980
82%
Host country in 2003Latvia
82%
Country with the most last places (in Grand Finals)Norway
82%
Country receiving highest points everPortugal
82%
Winning Country of 1986Belgium
78%
Artist that won twiceJohnny Logan
77%
First performing countryNetherlands
74%
Winning Country of 1989Yugoslavia
74%
Last year France won1977
69%
The year Luxembourg last participated1993
69%
Worst result for Ukraine24th
69%
Debuting year of Greece1974
66%
The year Monaco last participated2006
65%
Only country to never be in a Grand FinalAndorra
65%
Highest points ever received758
54%
San Marino's queen entrantValentina Monetta
54%
Artist that marked Turkey's only winSertab Erener
53%

Score Distribution

Percentile by Number Answered

Percent of People with Each Score

Your Score History

You have not taken this quiz